000 00410nam a2200157 i 4500
001 104524
003 ES-MaACL
005 20230906183627.0
007 t|
008 051201s1906 xxk ||||1| eng d
100 1 _aMillington, J. P.
_981261
245 1 0 _aJohn Dalton /
_cJ. P. Millington.
260 _aLondon :
_bJ.M. Dent & Sons,
_c1906.
300 _aXII, 225 p. ;
_c19 cm.
852 _aES-MaACL
_jD-3493
999 _c104524
_d104524